000 01498pam a2200385 a 4500
001 2032880
003 OSt
005 20140310184406.0
008 920902r19931951nyua j 000 0 eng
010 _a 92033009
020 _a0590486888
_c$9.95 ($12.95 Can.)
040 _aDLC
_cDLC
_dDLC
042 _alcac
050 0 0 _aSF 302
_b.H44 1994
100 1 _aHenry, Marguerite,
_d1902-1997.
_925792
245 1 0 _aAlbum of horses /
_cMarguerite Henry ; illustrated by Wesley Dennis.
250 _a1st Aladdin Books ed.
260 _aNew York :
_bscholastic,
_c1994.
300 _a110 p. :
_bill. (some col.) ;
_c29 cm.
521 _aG9
526 _c1000
650 0 _aHorses
_xJuvenile literature.
_925793
650 0 _aHorse breeds
_xJuvenile literature.
_925794
650 1 _aHorses.
_912562
650 1 _aHorse breeds.
_925795
700 1 _aDennis, Wesley,
_eill.
_925796
856 4 2 _3Contributor biographical information
_uhttp://www.loc.gov/catdir/bios/simon051/92033009.html
856 4 2 _3Publisher description
_uhttp://www.loc.gov/catdir/description/simon033/92033009.html
856 4 1 _3Sample text
_uhttp://www.loc.gov/catdir/enhancements/fy0641/92033009-s.html
906 _a7
_bcbc
_corignew
_d1
_eocip
_f19
_gy-gencatlg
942 _2lcc
_cBK-SCHOLAS
999 _c34051
_d34051